[Event "Brescia op"]
[Site "Brescia"]
[Date "2009.06.11"]
[Round "6"]
[White "Areshchenko, Kateryna"]
[Black "De Paoli, Emilio"]
[Result "1-0"]
[WhiteElo "2241"]
[BlackElo "1967"]
[PlyCount "69"]
[EventDate "2009.06.06"]
[EventType "swiss"]
[EventRounds "9"]
[EventCountry "ITA"]
[SourceTitle "EXT 2010"]
[Source "ChessBase"]
[SourceDate "2010.11.25"]
[SourceVersion "1"]
[SourceVersionDate "2010.11.25"]
[SourceQuality "1"]

1. Nf3 Nf6 2. b3 g6 3. Bb2 d5 4. e3 Bg7 5. Be2 0-0 6. 0-0 b6 7. c4 Bb7 8. cxd5 Nxd5 9. Bxg7 Kxg7 10. Qc2 Nf6 11. Nc3 Na6 12. a3 Nc5 13. d3 a5 14. Rfd1 Qd7 15. d4 Nce4 16. Ne5 Qc8 17. Rac1 Ng5 18. Nb5 Be4 19. Qxc7 Qf5 20. Qc3 h5 21. f3 Rac8 22. Qd2 Bb7 23. e4 Bxe4 24. fxe4 Ngxe4 25. Qe1 Ng4 26. Nxg4 hxg4 27. Bd3 Rxc1 28. Rxc1 g3 29. Qxe4 Qf2+ 30. Kh1 Rh8 31. Qe5+ f6 32. Qxe7+ Kh6 33. Nd6 Rh7 34. Nf7+ Kh5 35. Be2+ 1-0